Foundationa of the metaphysics of morals and what is enlightenment? (Record no. 30168)

MARC details
000 -LEADER
fixed length control field 00429nam a2200157Ia 4500
020 ## - INTERNATIONAL STANDARD BOOK NUMBER
ISBN 0- 672- 60312- 8
050 ## - CALL MARK
Classification number B 2766 .E6B4/
100 ## - STATEMENT OF RESPONSIBILITY--MAIN AUTHOR NAME
Personal name Immanuel Kant
245 #0 - TITLE STATEMENT
Title Foundationa of the metaphysics of morals and what is enlightenment?
260 ## - PUBLICATION, DISTRIBUTION, ETC. (IMPRINT)
Name of publisher Bobbs- Merrill educational publishing
260 ## - PUBLICATION, DISTRIBUTION, ETC. (IMPRINT)
Year of publication 1959
300 ## - PHYSICAL DESCRIPTION
Number of Pages 92 p
942 ## - ADDED ENTRY ELEMENTS (KOHA)
Koha item type Books
Holdings
Withdrawn status Lost status Source of classification or shelving scheme Damaged status Not for loan Permanent Location Current Location Date acquired Accession Number Price effective from Koha item type
    Library of Congress Classification     NILE UNIVERSITY OF NIGERIA - MAIN LIBRARY NILE UNIVERSITY OF NIGERIA - MAIN LIBRARY 04/23/2025 0001508 04/23/2025 Books